Možnosti využitia tabuľkového kalkulátora pri automatizovanom spracovaní účtovných záznamov mikro a malých účtovných jednotiek v sústave podvojného účtovníctva diplomová práca

Uložené v:
Podrobná bibliografia
Hlavný autor: Vorčák, Michal
Korporativný autor: Fakulta hospodárskej informatiky EU. Katedra účtovníctva a audítorstva
Ďalší autori: Vašeková, Miroslava, 1978-
Médium: Kniha
Jazyk:Slovak
Vydavateľské údaje: Bratislava 2018
Tagy: Pridať tag
Žiadne tagy, Buďte prvý, kto otaguje tento záznam!

MARC

LEADER 00000nbm a2200000 4500
001 0243494
005 20181108092805.2
041 0 |a slo 
044 |a SK 
245 1 0 |a Možnosti využitia tabuľkového kalkulátora pri automatizovanom spracovaní účtovných záznamov mikro a malých účtovných jednotiek v sústave podvojného účtovníctva  |b diplomová práca  |c Michal Vorčák ; školiteľ: Miroslava Vašeková 
264 1 |a Bratislava  |c 2018 
300 |a 65 s. 
100 1 |a Vorčák, Michal 
700 1 |a Vašeková, Miroslava, 1978- 
710 2 |a Fakulta hospodárskej informatiky EU. Katedra účtovníctva a audítorstva